000 00403 a2200157 4500
001 74713
020 _a9788572084642
040 _cAnchieta - Colégio São Paulo
100 _aSchobesberger, Marcia Muraco
240 1 0 _aChapeuzinho vermelho e o arco - íris
_lpor
245 1 0 _aChapeuzinho vermelho e o arco - íris
300 _a21
362 0 _a2006
650 4 _aLiteratura infantil
942 _cBK
999 _c74713
_d74713